MARC details
| 000 -CABECERA |
| campo de control de longitud fija |
02228nam a2200337 i 4500 |
| 001 - NÚMERO DE CONTROL |
| campo de control |
000042232 |
| 003 - IDENTIFICADOR DEL NÚMERO DE CONTROL |
| campo de control |
DO-SdBNP |
| 005 - FECHA Y HORA DE LA ÚLTIMA TRANSACCIÓN |
| campo de control |
20251114101555.0 |
| 007 - CAMPO FIJO DE DESCRIPCIÓN FÍSICA--INFORMACIÓN GENERAL |
| campo de control de longitud fija |
ta |
| 008 - DATOS DE LONGITUD FIJA--INFORMACIÓN GENERAL |
| campo de control de longitud fija |
131120s2013 dr 001 0 spa d |
| 020 ## - NÚMERO INTERNACIONAL ESTÁNDAR DEL LIBRO |
| Número Internacional Estándar del Libro |
9789945074871 |
| 040 ## - FUENTE DE LA CATALOGACIÓN |
| Centro catalogador/agencia de origen |
DO-SdBNP |
| Lengua de catalogación |
spa |
| Centro/agencia transcriptor |
BNPHU |
| Normas de descripción |
rda |
| 041 ## - CÓDIGO DE LENGUA |
| Código de lengua del texto/banda sonora o título independiente |
spa |
| 082 #4 - NÚMERO DE LA CLASIFICACIÓN DECIMAL DEWEY |
| Número de clasificación |
xxx |
| Número de documento/Ítem |
A162g |
| Número de edición |
22 |
| 100 1# - ENTRADA PRINCIPAL--NOMBRE DE PERSONA |
| Nombre de persona |
Abreu Cardet, José |
| Término indicativo de función/relación |
autor |
| 9 (RLIN) |
62665 |
| Código de función/relación |
aut. |
| 245 10 - MENCIÓN DE TÍTULO |
| Título |
Guerras de liberación en el Caribe hispano 1863-1878 / |
| Mención de responsabilidad, etc. |
José Abreu Cardet, Luis Álvarez-López. |
| 264 #4 - PRODUCCIÓN, PUBLICACIÓN, DISTRIBUCIÓN, FABRICACIÓN Y COPYRIGHT |
| Producción, publicación, distribución, fabricación y copyright |
Santo Domingo, República Dominicana : |
| Nombre del de productor, editor, distribuidor, fabricante |
Archivo General de la Nación, |
| -- |
Búho |
| Fecha de producción, publicación, distribución, fabricación o copyright |
2013. |
| 300 ## - DESCRIPCIÓN FÍSICA |
| Extensión |
262 páginas |
| Otras características físicas |
ilustraciones, mapas ; |
| Dimensiones |
23 cm. |
| 336 ## - TIPO DE CONTENIDO |
| Término de tipo de contenido |
texto |
| Código de tipo de contenido |
txt |
| Fuente |
rdacontent |
| 337 ## - TIPO DE MEDIO |
| Nombre/término del tipo de medio |
sin mediación |
| Código del tipo de medio |
n |
| Fuente |
rdamedia |
| 338 ## - TIPO DE SOPORTE |
| Nombre/término del tipo de soporte |
volumen |
| Código del tipo de soporte |
nc |
| Fuente |
rdacarrier |
| 490 0# - MENCIÓN DE SERIE |
| Mención de serie |
Archivo General de la Nación |
| Designación de volumen o secuencia |
193 |
| 500 ## - NOTA GENERAL |
| Nota general |
Incluye índice onomástico |
| 500 ## - NOTA GENERAL |
| Nota general |
Incluye notas y referencias a pie de página |
| 500 ## - NOTA GENERAL |
| Nota general |
Incluye datos biografícos de los autores en la solapa de la portada y contraportada. |
| 504 ## - NOTA DE BIBLIOGRAFÍA, ETC. |
| Nota de bibliografía, etc. |
Bibliografía: páginas 237-243 |
| 505 ## - NOTA DE CONTENIDO CON FORMATO |
| Nota de contenido con formato |
Prefacio, 9.-- El Caribe hispano: República Dominicana, Cuba y Puerto Rico, 15.-- Santo Domingo, Cuba y Puerto Rico en el contexto internacional, 45.-- Puerto Rico, Cuba y Santo Domingo: el huracán de la expansión territorial norteamericana, 61.-- Las guerras en las Antillas franco-españolas, 67.-- El gran contrapunteo entre la República Dominicana y Cuba, 81.-- La Anexión: circunstancias y tendencias, 87.-- Conspiración y alzamiento, 91.-- Las primeras operaciones militares, 101.-- Cantidad de combatientes, 113.-- Armas y vituallas, 121.-- Los mambises cubanos: armas y vituallas, 135.-- La guerra de guerrillas, 143.-- La naturaleza y la guerra, 155.-- La voz del silencio, 161.-- Cambronal: los olvidos, 169.-- Un barrio cubano, 185.-- La virgen se va a la guerra, 193.-- Contrarrevolución, 199.-- Las fuerzas contrarrevolucionarias cubanas, 213.-- Ocupación del terreno, 225.-- La influencia de la Guerra Restauradora en Cuba, 229.-- Bibliografía, 237.-- Índice onomástico, 245. |
| 590 ## - NOTA LOCAL (RLIN) |
| Nota local |
Inventariado, 2025 /LP |
| 700 1# - PUNTO DE ACCESO ADICIONAL--NOMBRE DE PERSONA |
| Nombre de persona |
Álvarez, López, Luis |
| Término indicativo de función/relación |
autor |
| 9 (RLIN) |
44998 |
| Código de función/relación |
aut. |
| 942 ## - ELEMENTOS DE PUNTO DE ACCESO ADICIONAL (KOHA) |
| Fuente del sistema de clasificación o colocación |
Dewey Decimal Classification |
| Tipo de ítem Koha |
Libro |